Najludniejsze kraje poprzez 2 litery - Statystyki

Ogólne statystyki
  • Ten quiz został rozwiązany 329 razy
  • Średni wynik to 16 z 24
Statystyki odpowiedzi
Podpowiedź Populacja Państwo % Poprawnych
CH 1405 m Chiny
93%
BO 11.6 m Boliwia
87%
TU 83.1 m Turcja
87%
AF 32.8 m Afganistan
85%
AR 45.3 m Argentyna
83%
NI 206 m Nigeria
81%
IR 83.9 m Iran
80%
PA 221 m Pakistan
73%
SE 16.7 m Senegal
73%
SZ 10.3 m Szwecja
73%
GW 16.8 m Gwatemala
70%
LI 6.87 m Libia
66%
MA 32.7 m Malezja
66%
AN 31.1 m Angola
64%
AL 43.9 m Algieria
61%
BE 11.5 m Belgia
61%
BA 169 m Bangladesz
60%
KA 38.2 m Kanada
60%
AR 34.2 m Arabia Saudyjska
57%
TA 57.6 m Tanzania
55%
NE 29.9 m Nepal
53%
RE 59.6 m Republika Południowej Afryki
51%
MA 36 m Maroko
46%
BU 21.5 m Burkina Faso
40%
Nie znaleziono quizów pasujących do podanych kryteriów
Rozkład punktacji
Procent ludzi z każdym wynikiem
Percentyl według liczby udzielonych odpowiedzi
Twoja historia wyników
Nie rozwiązałeś tego quizu